000 01104nam0a2200313 4500
001 RU\NLR\bibl\1156649
005 20250615081703.0
010 _a5-93472-063-5
_9500
035 _a(NLR Aleph) 001143416
090 _a1432108
_c1432108
100 _a20071119d2001 |||y0rusy50 ca
101 0 _arus
102 _aRU
105 _ay |||||||||
200 1 _aИсторическая наука на рубеже II и III тысячелетий: итоги и перспективы
_e[сборник статей]
210 _aЕкатеринбург
_cАкадемкнига
_d2001
215 _a431 с.
_d23
225 1 _aУральский исторический вестник
_vN° 7
320 _aБиблиогр. в прим. в конце ст.
607 _aРоссия
_jСборники
_xИстория
_z19 - 20 вв.
_92086775
_3RU\NLR\auth\661262920
686 _aТ3(2)5я43
686 _aТ3(2)7я43
801 0 _aRU
_bNLR
_c20071119
_gRCR
801 1 _aRU
_bNLR
_c20071119
852 _aNLR
_jП22/6644
942 _cBOOK
980 _aNB